Organic Chemistry Nomenculture - Statistics

General Stats
  • This quiz has been taken 238 times
  • The average score is 8 of 12
Answer Stats
Suffix Family % Correct
ene Alkenes
99%
ol alcohols
88%
yne Alkynes
88%
amine amines
79%
oic acid Carboxylic acids
78%
one ketones
76%
amide amides
74%
al aldehydes
70%
nitrile nitriles
64%
oate esters
59%
anhydride anhydrides
38%
oyl chloride acyl chlorides
24%
No matching quizzes found
Score Distribution
Percent of People with Each Score
Percentile by Number Answered
Your Score History
You have not taken this quiz